书目信息 |
| 题名: |
水利水电工程质量检测人员从业资格考核培训系列教材
|
|
| 作者: | 丁凯 , 曹征齐 主编 | |
| 分册: | 岩土工程类(地基与基础) | |
| 出版信息: | 郑州 黄河水利出版社 2008 |
|
| 页数: | 353页 | |
| 开本: | 26cm | |
| 丛书名: | ||
| 单 册: | ||
| 中图分类: | TU47 , TV223 | |
| 科图分类: | ||
| 主题词: | 水利工程--教材--质量检验--考核--工程质量 , 水利发电工程--教材--质量检验--考核--工程质量 , 水利工程--教材--考核--工程质量--岩土工程--质量检验 , 水利发电工程--教材--考核--工程质量--岩土工程--质量检验 , 基础(工程) , 工程质量 , 质量检验 , 水力发电工程 , 岩土工程 | |
| 电子资源: | ||
| ISBN: | 978-7-80734-563-3 | |
| 000 | 01267nam0 2200349 450 | |
| 001 | 1006 | |
| 005 | 20161008084143.51 | |
| 009 | 004180020 | |
| 010 | @a978-7-80734-563-3@dCNY96.00 | |
| 100 | @a20090612d2008 em y0chiy0110 ea | |
| 101 | 0 | @achi |
| 102 | @aCN@b410000 | |
| 105 | @aa z 000yy | |
| 200 | 1 | @a水利水电工程质量检测人员从业资格考核培训系列教材@9shui li shui dian gong cheng zhi liang jian ce ren yuan cong ye zi ge kao he pei xun xi lie jiao cai@i岩土工程类(地基与基础)@f丁凯,曹征齐主编 |
| 210 | @a郑州@c黄河水利出版社@d2008 | |
| 215 | @a353页@c图@d26cm | |
| 330 | @a全书共分六章。内容包括:地基承载力、地基原位测试、地基处理及质量检验、基桩检测、防渗墙质量检测等。 | |
| 606 | 0 | @a水利工程@j教材@x质量检验@x考核@x工程质量 |
| 606 | 0 | @a水利发电工程@j教材@x质量检验@x考核@x工程质量 |
| 606 | 0 | @a水利工程@j教材@x考核@x工程质量@x岩土工程@x质量检验 |
| 606 | 0 | @a水利发电工程@j教材@x考核@x工程质量@x岩土工程@x质量检验 |
| 606 | 0 | @x基础(工程) |
| 606 | 0 | @a工程质量 |
| 606 | 0 | @a质量检验 |
| 606 | 0 | @a水力发电工程 |
| 606 | 0 | @a岩土工程 |
| 690 | @aTU47@v4 | |
| 690 | @aTV223@v4 | |
| 701 | 0 | @a丁凯@9ding kai@4主编 |
| 701 | 0 | @a曹征齐@9cao zheng qi@4主编 |
| 801 | 0 | @aCN@b唐山师范学院图书馆@c20160830 |
| 905 | @aZUCC@dTU47@e860 | |
| 水利水电工程质量检测人员从业资格考核培训系列教材.岩土工程类(地基与基础)/丁凯,曹征齐主编.-郑州:黄河水利出版社,2008 |
| 353页:图;26cm |
| ISBN 978-7-80734-563-3:CNY96.00 |
| 全书共分六章。内容包括:地基承载力、地基原位测试、地基处理及质量检验、基桩检测、防渗墙质量检测等。 |
| ● |
| 相关链接 |
|
|
|
|
正题名:水利水电工程质量检测人员从业资格考核培训系列教材
索取号:TU47/860
 
预约/预借
| 序号 | 登录号 | 条形码 | 馆藏地/架位号 | 状态 | 备注 |
| 1 | 906528 | 209065287 | 第二样本阅览室/ [索取号:TU47/860] | 在馆 | |
| 2 | 906529 | 209065296 | 第三借阅区/ [索取号:TU47/860] | 在馆 | |
| 3 | 906530 | 209065303 | 第三借阅区/ [索取号:TU47/860] | 在馆 | |
| 4 | 906531 | 209065312 | 第三借阅区/ [索取号:TU47/860] | 在馆 | |
| 5 | 906532 | 209065321 | 第三借阅区/ [索取号:TU47/860] | 在馆 |